| 000 | 00374nam a2200145 i 4500 | ||
|---|---|---|---|
| 001 | 58257 | ||
| 003 | ES-MaACL | ||
| 007 | t| | ||
| 008 | 031021s1923 fr ||||1| fre d | ||
| 100 | 1 |
_aDumur, Louis. _946018 |
|
| 245 | 1 | 4 |
_aLes defaitistes _b: roman / _cLouis Dumur. |
| 260 |
_aParĂs : _bAlbin Michel, _c[1923] |
||
| 300 |
_a442 p. ; _c19 cm. |
||
| 852 |
_aES-MaACL _jB-276 |
||
| 999 |
_c58257 _d58257 |
||